Statistics for Love Chain Quiz

Click here to take the quiz!

General Stats

  • This quiz has been taken 8,683 times
    (8,659 since last reset)
  • The average score is 20 of 27

Answer Stats

Hint Answer % Correct
Juliet's loverRomeo
100%
Movie about love interrupted by
an iceberg
Titanic
97%
Until ____ do us partDeath
96%
A way to wake up a sleeping princessKiss
94%
Bird that symbolizes loveDove
92%
Musical instrument that is a
symbol of love
Harp
91%
According to a cliché, they attractOpposites
91%
Breakup letter: ____ JohnDear
86%
Italian for loveAmore
83%
Native American who allegedly saved
an Englishman and married another one
Pocahontas
82%
25th wedding anniversarySilver
82%
Greek woman over whom the
Trojan War was fought
Helen
79%
The Roman god of loveCupid
78%
The Greek god of loveEros
73%
Way to a man's heart?Stomach
73%
Something you eat or drink that
puts you in mood
Aphrodisiac
71%
Going to the ______ /
and we're gonna get married
Chapel
71%
First country to legalize
same-sex marriage
Netherlands
69%
Synonym of kissSmooch
69%
BetrothedEngaged
66%
You can stand under her umbrellaRihanna
65%
Language that the Kama Sutra
was written in
Sanskrit
65%
Cute misspelling found on candy heartsLuv
64%
King who abdicated to marry
Wallis Simpson
Edward
64%
Patron saint of romantic love
(and also beekeeping)
Valentine
50%
Love at first sight or static electricity?Spark
38%
Dance performed at a Jewish weddingHora
19%

Score Distribution

Percentile by Number Answered

Percent of People with Each Score

Your Score History

You have not taken this quiz since the last reset